Państwa z największą populacją Indian - Statystyki

Ogólne statystyki
  • Ten quiz został rozwiązany 355 razy
  • Średni wynik to 8 z 10
Statystyki odpowiedzi
L.p. Populacja Indian Państwo % Poprawnych
6. 2,9 mln Stany Zjednoczone
99%
9. 1,4 mln Kanada
95%
1. 14,7 mln Meksyk
95%
2. 13,8 mln Peru
86%
7. 1,8 mln Chile
85%
8. 1,4 mln Kolumbia
84%
10. 955 tys. Argentyna
82%
3. 6,0 mln (ponad 50% ludności tego państwa) Boliwia
79%
5. 3,4 mln Ekwador
77%
4. 5,8 mln Gwatemala
62%
Nie znaleziono quizów pasujących do podanych kryteriów
Rozkład punktacji
Procent ludzi z każdym wynikiem
Percentyl według liczby udzielonych odpowiedzi
Twoja historia wyników
Nie rozwiązałeś tego quizu